000 00297nam a22001217a 4500
020 _aIS :10145
041 _aENG
245 _aSpecification For Bamboo Supports For Camouflaging Equipment
260 _aNew Delhi
_bBIS
_c1982
300 _a07
650 _aBIS Tist Code
856 _uBIS Tist Code
999 _c2159
_d2159